| 000 | 01811nam0a2200409 4500 | ||
|---|---|---|---|
| 001 | RU\NLR\BIBL_A\012625970 | ||
| 005 | 20211210143753.0 | ||
| 010 |
_a978-5-00169-700-8 _92000 |
||
| 021 |
_aRU _bКН-П-21-041269 _9КН-П-21-3242 |
||
| 035 | _a(NLR Aleph) 012625970 | ||
| 090 |
_a12652521 _c12652521 |
||
| 100 | _a20211020d2021 e y0rusy50 ca | ||
| 101 | 1 |
_arus _ceng |
|
| 102 | _aRU | ||
| 105 | _aa z 000zy | ||
| 181 | 0 |
_ai _baxxe |
|
| 182 | 0 | _an | |
| 200 | 1 |
_aDeadline _eроман об управлении проектами _fТом Демарко _gперевод с английского А. Максимовой |
|
| 203 |
_aТекст _bвизуальный _cнепосредственный |
||
| 205 | _a15-е изд. | ||
| 210 |
_aМосква _cМанн, Иванов и Фербер _d2021 |
||
| 215 |
_a329, [7] с. _cил. _d22 |
||
| 225 | 1 |
_aХороший перевод! _v061 |
|
| 300 | _aЗагл. и авт. ориг.: The Deadline / Tom DeMarco | ||
| 320 | _aДр. работы авт. в конце кн. | ||
| 333 | _a16+ | ||
| 454 | 0 |
_12001#$aThe Deadline$fTom DeMarco _1700#1$aDeMarco$bT.$gTom$3RU\NLR\AUTH\7735018 _tThe Deadline _aDeMarco, Tom |
|
| 606 | 1 |
_aПроекты _jПопулярные издания _xУправление _91734110 _3RU\NLR\AUTH\661071500 |
|
| 606 | 1 |
_aКадры _jПопулярные издания _xУправление _xСоциально-психологические исследования _92079926 _3RU\NLR\AUTH\661255827 |
|
| 686 | 1 | _aУ21(0)2я9 | |
| 686 | 1 | _aШ6(7США)67-440.4{Лх1979-50} | |
| 686 | 1 | _aС550.373я9 | |
| 700 | 1 |
_7ca _8rus _aДеМарко _bТ. _gТом _918014 _3RU\NLR\AUTH\7735015 |
|
| 942 | _cBOOK | ||
| 980 | _aNB | ||